00459 a2200169 4500003000500000005001700005040000900022082001200031100001800043245003700061260002300098300001000121650002000131942001200151999001900163952010700182Nust20170207153409.0 cNust a891.941 aKhan,Muhammad aBuzm-e-AraiancCol Muhammad Khan aLahorebGhalib pub a232:p aUrdu literature 2ddccBK c185298d185298 00102ddc40708NFICaMCSbMCSd2016-12-12l0o891.941 KHApMCSNust -783r2016-12-08w2016-12-12yBK